000 00943nam a22002897a 4500
001 4741
003 FISKH
005 20241217124229.0
008 240927b cb ||||| |||| 00| 0 eng d
020 _a9780590446914
040 _aFISKH
_beng
_cFISKH
_dFISKH
050 _aE185.T8
082 _a305.567092
100 _aMcKissack, Paricia C.
_eauthor
245 _aSojourner Truth: Ain't I a Woman? /
_cby Patricia C.McKissack and Fredrick McKissack
260 _aNew York :
_bScholastic ;
_c1992 .
300 _a186 pages :
_billustrations ;
_c20 cm .
490 _a Scholastic Biography
505 _aZ
520 _aA biography of the former slave who became well-known as an abolitionist and advocate of women's rights.
521 8 _a960
_bLexile
521 8 _aZ
_bRaz-Plus
650 _aAfrican American
_vnon-fiction
700 _aMcKissack, Fredrick
_eillustrator
942 _2ddc
_cBK
_n0
999 _c4741
_d4741